Herramientas, máquinas, trabajo / (Record no. 30905)

MARC details
000 -LEADER
campo de control de longitud fija 00551nam a2200181 i 4500
001 - NÚMERO DE CONTROL
campo de control 30905
003 - IDENTIFICADOR DE NÚMERO DE CONTROL
campo de control ES-MaACL
005 - FECHA Y HORA DE LA ÚLTIMA TRANSACCIÓN
campo de control 20230906154256.0
007 - CAMPO FIJO DE DESCRIPCIÓN FÍSICA--INFORMACIÓN GENERAL
campo de control de longitud fija t|
008 - DATOS DE LONGITUD FIJA--INFORMACIÓN GENERAL
campo de control de longitud fija 030127s1971 sp ||||1| spa d
100 1# - ENTRADA PRINCIPAL--NOMBRE DE PERSONA
Nombre de persona Bartsch, Walter.
9 (RLIN) 26197
245 10 - MENCIÓN DEL TÍTULO
Título Herramientas, máquinas, trabajo /
Mención de responsabilidad, etc. Walter Bartsch ; [versión, Carlos Sènz de Magarola].
260 ## - PUBLICACIÓN, DISTRIBUCIÓN, ETC.
Lugar de publicación, distribución, etc. Barcelona :
Nombre del editor, distribuidor, etc. Reverté,
Fecha de publicación, distribución, etc. 1971.
300 ## - DESCRIPCIÓN FÍSICA
Extensión 239 p. :
Otras características físicas il. ;
Dimensiones 23 cm.
700 1# - ENTRADA AGREGADA--NOMBRE PERSONAL
Nombre de persona Sáenz de Magarola, Carlos.
9 (RLIN) 187177
852 ## - LOCALIZACIÓN
Ubicación ES-MaACL
Número de control de estantería C-44538
Sublocalización o colección R.78806
Holdings
Estatus retirado Estado de pérdida Estado de daño No para préstamo Biblioteca de origen Biblioteca actual Ubicación en estantería Fecha de adquisición Fuente de adquisición Total de préstamos Signatura topográfica completa Código de barras Visto por última vez Precio de reemplazo Tipo de ítem Koha
        Biblioteca del Ateneo de Madrid Biblioteca del Ateneo de Madrid Depósito 2 17/01/2008     C-44538 1031927 23/02/2023 23/02/2023 Libro impreso